A coffer of jewels about our infallible, eternal word of God, the Bible. (Record no. 3367)

000 -LEADER
fixed length control field 00595nam a2200181 a 4500
001 - CONTROL NUMBER
control field :::00001097$&:&@@
003 - CONTROL NUMBER IDENTIFIER
control field OkBaRHE
005 - DATE AND TIME OF LATEST TRANSACTION
control field 20010425143946.0
008 - FIXED-LENGTH DATA ELEMENTS--GENERAL INFORMATION
fixed length control field s1963 j 000 0 eng u
040 ## - CATALOGING SOURCE
Transcribing agency
100 1# - MAIN ENTRY--PERSONAL NAME
Personal name Rice, John R.
245 12 - TITLE STATEMENT
Title A coffer of jewels about our infallible, eternal word of God, the Bible.
260 ## - PUBLICATION, DISTRIBUTION, ETC. (IMPRINT)
Place of publication, distribution, etc Murfreesboro, TN., :
Name of publisher, distributor, etc Sword Of The Lord
Date of publication, distribution, etc c1963
300 ## - PHYSICAL DESCRIPTION
Extent 318 p. ;
Dimensions 20 cm.
650 ## - SUBJECT ADDED ENTRY--TOPICAL TERM
Topical term or geographic name as entry element Bible
General subdivision Addresses, Essays, Lectures
942 ## - ADDED ENTRY ELEMENTS (KOHA)
Source of classification or shelving scheme
Koha item type Books
Copies
Damaged status Lost status Not for loan Permanent Location Barcode Koha item type Shelving location Source of classification or shelving scheme Withdrawn status Full call number Date last seen Price effective from Copy number Date acquired
   RHEMA Bible Training College1097BooksGeneral Stacks  BS 540 .R482018-02-162010-04-1412010-04-14